Miasta i miasteczka w Wielkiej Brytanii - quiz na mapie - Statystyki

Ogólne statystyki
  • Ten quiz został rozwiązany 9 razy
  • Średni wynik to 22 z 40
Odpowiedzi na mapie
Odpowiedzi zakodowano w zielono-czerwonej skali na mapie do tego quizu, zgodnie z poniższymi procentami.
 
Statystyki odpowiedzi
Miasto % Poprawnych
Cardiff
100%
Glasgow
100%
Liverpool
100%
Londyn
100%
Manchester
100%
Southampton
100%
Belfast
88%
Birmingham
88%
Sheffield
88%
Leeds
75%
Newcastle
75%
Plymouth
75%
Aberdeen
63%
Bristol
63%
Cambridge
63%
Coventry
63%
Dover
63%
Edinburgh
63%
Leicester
63%
Norwich
63%
Brighton
50%
Exeter
50%
Londonderry
50%
Swansea
50%
Carlisle
38%
Dundee
38%
Inverness
38%
Kingston upon Hull
38%
Oksford
38%
Portsmouth
38%
York
38%
Blackpool
25%
Reading
25%
Wrexham
25%
Bournemouth
13%
Colchester
13%
Lincoln
13%
Aberystwyth
0%
Holyhead
0%
Stornoway
0%
Nie znaleziono quizów pasujących do podanych kryteriów
Rozkład punktacji
Procent ludzi z każdym wynikiem
Percentyl według liczby udzielonych odpowiedzi
Twoja historia wyników
Nie rozwiązałeś tego quizu